| 000 | 00647nam a22002057a 4500 | ||
|---|---|---|---|
| 003 | LK-CoDNM | ||
| 005 | 20241008123957.0 | ||
| 008 | 241008b |||||||| |||| 00| 0 eng d | ||
| 040 |
_aLK-CoDNM _dLK-CoDNM _eLK-CoDNM |
||
| 041 | _asin | ||
| 080 |
_a105 _bB9 |
||
| 245 | _aසෙත් පිරිත් | ||
| 260 |
_aපිළියන්දල _bගමගේ එන්ටර් ප්රයිසස් _c1988 |
||
| 300 | _b24p. ; 20 cm | ||
| 650 | _aසෙත් පිරිත් | ||
| 650 | _aගමගේ එන්ටර් ප්රයිසස් | ||
| 650 | _aපිළියන්දල | ||
| 650 | _a105 B9 | ||
| 942 | _cBK | ||
| 999 |
_c218376 _d218376 |
||